Cómo ayudar a tu hija a amar su cuerpo : las inseguridades de las adolescentes /

保存先:
書誌詳細
第一著者: Richardson, Brenda Lane (autor)
その他の著者: Rehr, Elane (autor) (autor)
フォーマット: 図書
言語:スペイン語
出版事項: Barcelona, España : Paidós : Oniro, 2003, c2003
主題:
タグ: タグ追加
タグなし, このレコードへの初めてのタグを付けませんか!

MARC

LEADER 00000nam^a2200000^a^4500
001 000153112
005 20250521000000.0
009 20260310100309.053
020 |a 84-9754-052-2 
037 |a Acervo ITESO - Biblioteca 
041 |a ESP 
082 |a 155. 533  |b RIC 
100 |a Richardson, Brenda Lane  |e (autor) 
245 1 0 |a Cómo ayudar a tu hija a amar su cuerpo :  |b las inseguridades de las adolescentes /  |c B.L. Richardson, E. Rehr ; tr. por Elena Barrutia. 
264 4 |a Barcelona, España :  |b Paidós :  |b Oniro,  |c 2003, c2003 
300 |a 191 p. 
336 |a texto  |b txt  |2 rdacontenido 
337 |a sin mediación  |b n  |2 rdamedio 
338 |a volumen  |b nc  |2 rdasoporte 
500 |a Traducción de: 101 [A hundred and one] Ways to Help your Daughter Love her Body 
649 |a XX 
650 |a Adolescentes -  |x Condiciones Sociales y Culturales 
650 |a Adolescentes -  |x Condiciones Psicológicas 
650 |a Mujeres -  |x Condiciones Sociales y Culturales 
650 |a Mujeres -  |x Condiciones Psicológicas 
650 |a Familia -  |x Condiciones Sociales y Culturales 
650 |a Familia -  |x Condiciones Psicológicas 
650 |a Relaciones Padres-Hijos 
650 |a Autoconcepto 
650 |a Imagen Personal 
650 |a Identidad Personal 
650 |a Emoción 
650 |a Amor 
650 |a Trastornos de Conducta 
650 |a Trastornos de la Alimentación 
650 |a Cuerpo Humano -  |x Aspectos Sociales y Culturales 
650 |a Conducta de Vida 
650 |a Etica 
650 |a Percepción Social 
650 |a Sexualidad 
650 |a Psicología Evolutiva 
700 |a Rehr, Elane  |e (autor) 
910 |a Fondo General 
920 |a Impresos - Libros 
930 |a Colección General 
905 |a 101 
901 |a 0500082156  |b IT1  |c ACC  |u 20250521 
902 |a https://opac.biblio.iteso.mx/vufind/Record/000153112